راشٹریہ پنچانگ اردو : (Record no. 172529)
[ view plain ]
| 000 -LEADER | |
|---|---|
| fixed length control field | 00557nam a22001697a 4500 |
| 005 - DATE AND TIME OF LATEST TRANSACTION | |
| control field | 20200206151348.0 |
| 010 ## - LCCN (DPL NO) | |
| LC control number | A-842634 |
| 035 ## - SYSTEM CONTROL NUMBER | |
| System control number | A-842634 |
| 037 ## - SOURCE OF ACQUISITION | |
| Source of stock number/acquisition | BPPD/Pub. |
| 082 ## - DEWEY DECIMAL CLASSIFICATION NUMBER | |
| Classification number | 529.3 |
| 245 ## - TITLE STATEMENT | |
| Title | راشٹریہ پنچانگ اردو : |
| Remainder of title | شک سمت 1916 |
| 246 ## - VARYING FORM OF TITLE | |
| Title proper/short title | Rashtriya Panchang (Urdu): Saka Era 1916 (1994-95 A.D.) |
| 260 ## - PUBLICATION, DISTRIBUTION, ETC. (IMPRINT) | |
| Place of publication, distribution, etc | New Delhi |
| Name of publisher, distributor, etc | Controller of Publications |
| Date of publication, distribution, etc | 1993 ء |
| 270 ## - ADDRESS | |
| Address | India Meteriological Department, Lodi Road |
| City | New Delhi |
| 300 ## - PHYSICAL DESCRIPTION | |
| Extent | 210p. |
| Dimensions | 21cm(pbk) |
| 942 ## - ADDED ENTRY ELEMENTS (KOHA) | |
| Source of classification or shelving scheme | Dewey Decimal Classification |
| Item type | Urdu Bks |
| Classification part | 529.3 |
| Call number suffix | پ ن چ |
| Withdrawn status | Lost status | Not for loan | Collection code | Home library | Current library | Date acquired | Source of acquisition | Full call number | Barcode | Copy number | Koha item type |
|---|---|---|---|---|---|---|---|---|---|---|---|
| Non-fiction | Central Library | Central Library | 06/02/2020 | BPPD/Ven. | 529.3 پ ن چ | A-842634 | 1 | Urdu Bks |
